000 00420nam a22001457a 4500
999 _c7553
_d7551
005 20210310160133.0
008 210310b ||||| |||| 00| 0 eng d
082 _a346.066
100 _aAIYAR, A.N.
_96466
245 _aREPOERTS OF COMPANY CASES INCLUDING CASES ON BANKING AND INSURENCE [ VOL-38]
260 _aMADRAS
_bCOMPANY LAW INSTITUTE OF INDIA
_c1968
300 _aI-XVI, P
650 _aLAW
_95701
942 _cJRL